000 00410nam a22001697a 4500
005 20160630114117.0
008 160630b xxu||||| |||| 00| 0 eng d
020 _a81-8014-12-8
041 _aeng
082 _b19600
100 _aArora, Dr K R
_93290
245 _aSoil & Foundation Engineering
260 _bStandard Book House
_c2011
300 _a937
650 _aDiploma Engineering
_9817
942 _cBK
999 _c4897
_d4895